The burning queen. (Record no. 322850)
[ view plain ]
| 000 -LEADER | |
|---|---|
| fixed length control field | 01973cam a2200445Ii 4500 |
| 005 - DATE AND TIME OF LATEST TRANSACTION | |
| control field | 20200320222606.0 |
| 008 - FIXED-LENGTH DATA ELEMENTS--GENERAL INFORMATION | |
| fixed length control field | 190102s2019 #00 eng d |
| 020 ## - INTERNATIONAL STANDARD BOOK NUMBER | |
| International Standard Book Number | 9780062693280 |
| Qualifying information | (hardcover) |
| 040 ## - CATALOGING SOURCE | |
| Original cataloging agency | YDX |
| Language of cataloging | eng |
| Description conventions | rda |
| Transcribing agency | YDX |
| Modifying agency | BDX |
| -- | OCLCQ |
| -- | OI6 |
| -- | NZ1 |
| -- | TNH |
| -- | UAP |
| -- | FMG |
| -- | JNE |
| -- | VAX |
| -- | DAD |
| -- | OCLCO |
| -- | JBL |
| -- | NDS |
| -- | DPL |
| -- | CTMM |
| 050 14 - LIBRARY OF CONGRESS CALL NUMBER | |
| Classification number | PZ7.L3274 |
| 082 04 - DEWEY DECIMAL CLASSIFICATION NUMBER | |
| Classification number | [FIC] |
| 100 1# - MAIN ENTRY--PERSONAL NAME | |
| Personal name | Lasky, Kathryn, |
| Relator term | author. |
| 9 (RLIN) | 11517 |
| 245 14 - TITLE STATEMENT | |
| Title | The burning queen. |
| Name of part/section of a work | / |
| Statement of responsibility, etc | Kathryn Lasky. |
| 250 ## - EDITION STATEMENT | |
| Edition statement | First edition. |
| 264 #1 - Production, Publication, Distribution, Manufacture, and Copyright Notice. | |
| Place of production, publication, distribution, manufacture | New York, NY : |
| Name of producer, publisher, distributor, manufacturer | Harper, an imprint of HarperCollins Publishers, |
| Date of production, publication, distribution, manufacture, or copyr | [2019] |
| 264 #2 - Production, Publication, Distribution, Manufacture, and Copyright Notice. | |
| Place of production, publication, distribution, manufacture | Old Saybrook, Connecticut : |
| Name of producer, publisher, distributor, manufacturer | www.micromarketing.org |
| 300 ## - PHYSICAL DESCRIPTION | |
| Extent | 384 pages : |
| Other physical details | illustrations ; |
| Dimensions | 22 cm. |
| 336 ## - Content Type | |
| Content type term | text |
| 337 ## - Media type | |
| Media type term | unmediated |
| 338 ## - Carrier type | |
| Carrier type term | volume |
| 490 1# - SERIES STATEMENT | |
| Series statement | Tangled in time ; |
| Volume number/sequential designation | bk. 2. |
| 500 ## - GENERAL NOTE | |
| General note | [Typographic symbols and accents removed for systems compatibility.] |
| 520 ## - SUMMARY, ETC. | |
| Summary, etc | Sequel to "The Portal" in the children's fantasy series, "Tangled in Time." |
| 521 1# - TARGET AUDIENCE NOTE | |
| Target audience note | Ages 8-12. |
| 588 ## - | |
| -- | Title and description based on researched data; resource not viewed. |
| 600 00 - SUBJECT ADDED ENTRY--PERSONAL NAME | |
| Personal name | Elizabeth |
| Numeration | I, |
| Titles and other words associated with a name | Queen of England, |
| Dates associated with a name | 1533-1603 |
| Form subdivision | Juvenile fiction. |
| 9 (RLIN) | 5774564 |
| 650 #0 - SUBJECT ADDED ENTRY--TOPICAL TERM | |
| Topical term or geographic name as entry element | Time travel |
| Form subdivision | Juvenile fiction. |
| 9 (RLIN) | 5675075 |
| 650 #0 - SUBJECT ADDED ENTRY--TOPICAL TERM | |
| Topical term or geographic name as entry element | Orphans |
| Form subdivision | Juvenile fiction. |
| 9 (RLIN) | 5673937 |
| 650 #0 - SUBJECT ADDED ENTRY--TOPICAL TERM | |
| Topical term or geographic name as entry element | Family secrets |
| Form subdivision | Juvenile fiction. |
| 9 (RLIN) | 5679132 |
| 650 #0 - SUBJECT ADDED ENTRY--TOPICAL TERM | |
| Topical term or geographic name as entry element | Grandmothers |
| Form subdivision | Juvenile fiction. |
| 9 (RLIN) | 5683771 |
| 650 #0 - SUBJECT ADDED ENTRY--TOPICAL TERM | |
| Topical term or geographic name as entry element | Traffic accidents |
| Form subdivision | Juvenile fiction. |
| 9 (RLIN) | 5702030 |
| 650 #0 - SUBJECT ADDED ENTRY--TOPICAL TERM | |
| Topical term or geographic name as entry element | Mothers |
| General subdivision | Death |
| Form subdivision | Juvenile fiction. |
| 9 (RLIN) | 5734830 |
| 655 #7 - INDEX TERM--GENRE/FORM | |
| Genre/form data or focus term | Science fiction. |
| Source of term | lcgft. |
| 9 (RLIN) | 6015183 |
| 655 #7 - INDEX TERM--GENRE/FORM | |
| Genre/form data or focus term | Historical fiction. |
| Source of term | lcgft. |
| 9 (RLIN) | 6015184 |
| 800 1# - SERIES ADDED ENTRY--PERSONAL NAME | |
| Personal name | Lasky, Kathryn. |
| Title of a work | Tangled in time ; |
| Volume/sequential designation | bk. 2. |
| 9 (RLIN) | 6015186 |
| 942 ## - ADDED ENTRY ELEMENTS (KOHA) | |
| Koha item type | BOOK |
| 948 ## - LOCAL PROCESSING INFORMATION (OCLC); SERIES PART DESIGNATOR (RLIN) | |
| Series part designator, SPT (RLIN) | 11/25/2019 |
| b (OCLC) | 11/25/2019 |
| z (OCLC) | Sirsi |
| 949 ## - LOCAL PROCESSING INFORMATION (OCLC) | |
| n | www.MicroMarketing.org 800-229-9887 |
| 996 ## - | |
| -- | 172268 |
| -- | 34301001600818 |
| -- | J |
| -- | bk |
| -- | wcl |
| -- | i |
| -- | 0 |
| -- | 16.99 |
| -- | micromarketing |
| -- | Las |
| -- | 11/25/2019 |
| -- | 11/26/2019 |
| Withdrawn status | Lost status | Source of classification or shelving scheme | Damaged status | Not for loan | Collection code | Home library | Current library | Shelving location | Date acquired | Cost, normal purchase price | Total Checkouts | Total Renewals | Full call number | Barcode | Date last seen | Date checked out | Cost, replacement price | Price effective from | Koha item type |
|---|---|---|---|---|---|---|---|---|---|---|---|---|---|---|---|---|---|---|---|
| Dewey Decimal Classification | Junior Fiction | Wasatch County Library | Wasatch County Library | Main Floor Junior Area | 11/25/2019 | 16.99 | 5 | 1 | J Lasky | 34301001600818 | 09/19/2024 | 09/04/2024 | 16.99 | 03/20/2020 | BOOK |
